000 00515nam a2200157Ia 4500
008 240729s9999 xx 000 0 und d
022 _a2706-6835
245 0 _aJournal of Engineering Science
260 _aBangladesh
260 _bFaculty of Civil Engineering, Khulna University of Engineering & Technology (KUET)
650 _a Engineering (General). Civil engineering (General)
650 _aTechnology
856 _uhttps://doaj.org/toc/40b3132d0f5847a1bb7e13a3c8a41f24
942 _2ddc
942 _cDOAJEJ
999 _c69303
_d69303
945 _a1
_bMadushi Gamage
_c1
_dMadushi Gamage